00443nam a2200133Ia 4500008004100000020001800041082001600059100002400075245011100099260002100210300001000231500002300241650004500264120629s9999 xx 000 0 und d a968-13-3477-9 a157.6 B275c aBarriguete, Armando aLa copa nostra : psicodinamia de las recaídas en las adicciones / Armando Barriguete Pie Impren , 2002. aMéxico : Diana a188 p aIndice analítico a1. ALCOHOLISMO- ASPECTOS PSICOLOGICOSÌ